Нормален изглед
MARC изглед
- Българи - антропология
Вход 09. Предметна рубрика
001 - Контролен номер на записа
- Контролно поле: 259462
003 - Код на организацията, даваща контролен номер
- Контролно поле: BLK
005 - Дата и час на последна промяна на записа
- Контролно поле: 20180420214955.0
008 - Данни с фиксирана дължина – обща информация
- Данни с фиксирана дължина : 180420|| aca||aabn | a|a d
150 ## - ТЕМАТИЧНА ПРЕДМЕТНА РУБРИКА
- Редна дума или Топографско име: Българи - антропология
942 ## - Системна служебна употреба
- Koha auth type: TOPIC_TERM